Jankélévitch : le secret du polichinelle de l’inachevé (notice n° 1659395)

détails MARC
000 -LEADER
fixed length control field 02078cam a2200181 4500500
005 - DATE AND TIME OF LATEST TRANSACTION
control field 20260208011050.0
041 ## - LANGUAGE CODE
Language code of text/sound track or separate title fre
042 ## - AUTHENTICATION CODE
Authentication code dc
100 10 - MAIN ENTRY--PERSONAL NAME
Personal name Bouit, Delphine
Relator term author
245 00 - TITLE STATEMENT
Title Jankélévitch : le secret du polichinelle de l’inachevé
260 ## - PUBLICATION, DISTRIBUTION, ETC.
Date of publication, distribution, etc. 2026.<br/>
500 ## - GENERAL NOTE
General note 53
520 ## - SUMMARY, ETC.
Summary, etc. Vladimir Jankélévitch s’est refusé à devenir le « polichinelle de l’inachevé ». Comment comprendre cette assertion de la part d’un philosophe qui, par sa parole si musicale, nous a fait découvrir que nous sommes « quelque part dans l’inachevé » ? En ne jouant pas à trouver un secret de polichinelle, mais en questionnant le secret de l’inachevé. Inachèvement du vivant, inachèvement de la musique et, quelque part, l’inachevé de l’action. N’est-il pas temps, aujourd’hui, de vivre à nouveau l’inachevé de l’engagement ?
520 ## - SUMMARY, ETC.
Summary, etc. Vladimir Jankélévitch recusou tornar-se no “polichinelo do inacabado”. Como compreender esta afirmação de um filósofo que, pela sua palavra tão musical, nos levou a descobrir que estamos sempre “algures no inacabado” ? Renunciando a encontrar um segredo de polichinelo e questionando o próprio segredo do inacabado. Inacabado do vivente, inacabado da música e, em certa medida, inacabado da ação. Não será tempo, hoje, de voltarmos a viver o inacabamento do compromisso ?
520 ## - SUMMARY, ETC.
Summary, etc. Vladimir Jankélévitch refused to become “incompletion’s fool”. How are we to understand this statement coming from a philosopher who, in his most musical language, revealed to us that we dwell “somewhere in incompletion”? The point is not to uncover an open secret but to question the secret of incompletion – that of living beings, that of music, and even, in a sense, the incompletion of action. Has the time not come, nowadays, to experience commitment and its incompletion all over again?
786 0# - DATA SOURCE ENTRY
Note Sigila | 56 | 2 | 2026-01-20 | p. 117-127 | 1286-1715
856 41 - ELECTRONIC LOCATION AND ACCESS
Uniform Resource Identifier <a href="https://shs.cairn.info/revue-sigila-2025-2-page-117?lang=fr&redirect-ssocas=7080">https://shs.cairn.info/revue-sigila-2025-2-page-117?lang=fr&redirect-ssocas=7080</a>

Pas d'exemplaire disponible.

PLUDOC

PLUDOC est la plateforme unique et centralisée de gestion des bibliothèques physiques et numériques de Guinée administré par le CEDUST. Elle est la plus grande base de données de ressources documentaires pour les Étudiants, Enseignants chercheurs et Chercheurs de Guinée.

Adresse

627 919 101/664 919 101

25 boulevard du commerce
Kaloum, Conakry, Guinée

Réseaux sociaux

Powered by Netsen Group @ 2025